| 000 | 00572cam a22001571 4500 | ||
|---|---|---|---|
| 082 |
_a510.2462 _bSOU _cL.2, P.47 |
||
| 100 | 1 |
_aSouthwell, Richard Vynne, _939229 |
|
| 245 | 1 | 0 |
_aRelaxation methods in engineering science; _ba treatise on approximate computation, _cby R.V. Southwell ... |
| 260 |
_aOxford, _bThe Clarendon Press, _c1940. |
||
| 300 |
_avi p., 1 l., 252 p. _btables (part fold.) diagrs. _c24 cm. |
||
| 526 |
_a0 _b0 _c0 _d510_246200000000000_SOU |
||
| 650 | 0 |
_aMCE _9379 |
|
| 650 | 0 |
_aStrains and stresses. _928238 |
|
| 650 | 0 |
_aVibration. _939230 |
|
| 942 |
_2ddc _cBK |
||
| 999 |
_c543747 _d543747 |
||